Statistics for Meme Song Artists #1

Click here to take the quiz!

General Stats

  • This quiz has been taken 8 times
  • The average score is 6 of 21

Answer Stats

SongArtist / Band% Correct
Never Gonna Give You UpRick Astley
100%
All StarSmash Mouth
71%
AfricaToto
71%
SandstormDarude
43%
Still DREDr Dre x Snoop Dogg
43%
What is Love?Haddaway
43%
DespacitoLuis Fonsi & Daddy Yankee
43%
Axel FCrazy Frog
29%
Default DanceFortnite
29%
The Time is NowJohn Cena
29%
Shooting StarsBag Raiders
14%
YeeDinosaur Adventures
14%
Blue (Da Ba Dee)Eiffel 65
14%
MegalovaniaToby Fox
14%
Electroman AdventuresWaterflame
14%
For the Damaged CodaBlonde Redhead
0%
MoskauDschinghis Khan
0%
Super Mario Bros. ThemeKoji Kondo
0%
Crab RaveNoisestorm
0%
Dragostea Din TeiO-Zone
0%
Astronomia (Coffin Dance)Vicetone & Tony Igy
0%

Score Distribution

Percentile by Number Answered

Percent of People with Each Score

Your Score History

You have not taken this quiz